Россия и НАТО после Балканского кризиса (Запись № 10389986)

Подробности
000 -МАРКЕР
контрольное поле 02358nam0a2200301 4500
001 - ИДЕНТИФИКАТОР ЗАПИСИ
контрольное поле RU\NLR\BIBL_A\010854528
005 - ИДЕНТИФИКАТОР ВЕРСИИ
контрольное поле 20260405145508.0
035 ## - ДРУГИЕ СИСТЕМНЫЕ НОМЕРА
Идентификатор записи (NLR Aleph) 010854528
100 ## - ДАННЫЕ ОБЩЕЙ ОБРАБОТКИ
Данные общей обработки 20151002d2000 |||y0rusy50 ca
101 0# - ЯЗЫК РЕСУРСА
Язык текста, звукозаписи и т.д. русский
102 ## - СТРАНА ПУБЛИКАЦИИ ИЛИ ПРОИЗВОДСТВА
Страна публикации Российская Федерация
105 ## - ПОЛЕ КОДИРОВАННЫХ ДАННЫХ: ТЕКСТОВЫЕ МАТЕРИАЛЫ, МОНОГРАФИЧЕСКИЕ
Кодированные данные о монографическом текстовом документе y|||z|||100zy
200 1# - ЗАГЛАВИЕ И СВЕДЕНИЯ ОБ ОТВЕТСТВЕННОСТИ
Основное заглавие Россия и НАТО после Балканского кризиса
Сведения, относящиеся к заглавию материалы международной научной конференции, проходившей в Нижегородском государственном университете им. Н.И. Лобачевского 17-18 ноября 1999 года
Первые сведения об ответственности [под общ. ред. акад. О.А. Колобова]
210 ## - ПУБЛИКАЦИЯ, РАСПРОСТРАНЕНИЕ И ДР.
Место издания, распространения и т.д. Нижний Новгород
Имя издателя, распространителя и т. д. ННГУ
Дата издания, распространения и т.д. 2000
215 ## - ФИЗИЧЕСКАЯ ХАРАКТЕРИСТИКА
Специфическое обозначение материала и объем 112 с.
Размеры 20
300 ## - ОБЩИЕ ПРИМЕЧАНИЯ
Текст примечания В надзаг.: М-во здравоохранения Рос. Федерации, Нижегор. гос. ун-т им. Н.И. Лобачевского, Ин-т стратег. исслед., Центр изучения проблем мира и разрешения конфликтов, Программа американских исследований, Программа европейских исследований
320 ## - ПРИМЕЧАНИЯ О НАЛИЧИИ В ДОКУМЕНТЕ БИБЛИОГРАФИИ / УКАЗАТЕЛЯ
Текст примечания Библиогр. в примеч. в конце ст.
606 1# - НАИМЕНОВАНИЕ ТЕМЫ КАК ПРЕДМЕТ
Наименование темы Международные отношения
Формальный подзаголовок Съезды, совещания и т.п
Хронологический подзаголовок 20 - 21 вв.
Системный номер авторитетной/нормативной записи 2288371
Идентификатор авторитетной/нормативной записи RU\NLR\AUTH\661370626
606 1# - НАИМЕНОВАНИЕ ТЕМЫ КАК ПРЕДМЕТ
Наименование темы Балканский вопрос
Формальный подзаголовок Съезды, совещания и т.п
Хронологический подзаголовок 1991 -
Системный номер авторитетной/нормативной записи 2126967
Идентификатор авторитетной/нормативной записи RU\NLR\AUTH\661283726
686 1# - ИНДЕКСЫ ДРУГИХ КЛАССИФИКАЦИЙ
Индекс Т3(476)63я431
686 1# - ИНДЕКСЫ ДРУГИХ КЛАССИФИКАЦИЙ
Индекс Т3(0)63-6я431
702 #1 - ИМЯ ЛИЦА - ВТОРИЧНАЯ ОТВЕТСТВЕННОСТЬ
Код отношения Редактор
Материалы, к которым относится поле rus
Графика поля Кириллица
Начальный элемент ввода Колобов
Часть имени, кроме начального элемента ввода О. А.
Даты 1948-
Расширение инициалов личного имени Олег Алексеевич
Идентификатор авторитетной/нормативной записи RU\NLR\AUTH\7760917
Системный номер авторитетной/нормативной записи 43847
711 12 - НАИМЕНОВАНИЕ ОРГАНИЗАЦИИ - АЛЬТЕРНАТИВНАЯ ОТВЕТСТВЕННОСТЬ
Начальный элемент ввода "Россия и НАТО после Балканского кризиса", международная научная конференция
Место проведения временной организации Нижний Новгород
Дата проведения временной организации 1999
Системный номер авторитетной/нормативной записи 486307
Идентификатор авторитетной/нормативной записи RU\NLR\AUTH\880410284
942 ## - ДОПОЛНИТЕЛЬНЫЕ ЭЛЕМЕНТЫ ЗАПИСИ (АБИС)
Тип экземпляра АБИС Книга
980 ## - КОЛЛЕКЦИЯ
Название коллекции Национальная библиография
Экземпляры
Тип экземпляра Дата поступления Источник поступления Стоимость Библиотека постоянного хранения Библиотека текущего хранения Место хранения Шифр хранения Штрих-код Статус экземпляра
Книга 02.10.2015 Подсобные фонды РНБ 100.00 РНБ (Московский) РНБ (Московский) Русский книжный фонд: издания с 1957 года 2015-3/30359 1-946194